| 000 | 01210cpcaa2200325 4500 | ||
|---|---|---|---|
| 001 | mm 70053116 | ||
| 003 | DLC | ||
| 005 | 20260227111614.0 | ||
| 008 | 730205|||||||||||| eng | ||
| 010 |
_amm 70053116 _bms 71001428 |
||
| 040 |
_aDLC _cDLC _edacs _dDLC |
||
| 072 | 7 |
_aR _2lcmd |
|
| 100 | 1 |
_aWells, Tom Henderson, _d1917-1971. |
|
| 245 | 0 | 0 |
_aTom Henderson Wells research notes, _fundated. |
| 300 |
_a1,500 _fitems. |
||
| 300 |
_a3 _fcontainers. |
||
| 300 |
_a1.0 _flinear feet. |
||
| 506 | 0 | _aOpen to research. | |
| 520 | 8 | _aCarbon copies of research notes for Wells's book, Commodore Moore and the Texas Navy (1960); together with an index to the notes. | |
| 545 | 0 | _aNaval officer and author. | |
| 546 | _aCollection material in English. | ||
| 580 | _aForms part of: Naval Historical Foundation collection. | ||
| 600 | 1 | 0 |
_aMoore, Edwin Ward, _d1811-1865. |
| 610 | 1 | 0 |
_aTexas. _bNavy. |
| 656 | 7 |
_aAuthors. _2itoamc |
|
| 656 | 7 |
_aNaval officers. _2itoamc |
|
| 999 |
_c39202 _d39202 |
||